000
00310nam a2200121 a 4500
005
20141022142009.0
008
120228s19uu xx 00 eng d
050
_a
CD-ROM
_b
F95 2004
245
_a
Procedures and theory for administrative professionals.
250
_a
5th ed.
260
_c
2004.
942
_c
AVM
999
_c
276639
_d
276639